Seydlitz Weltatlas Grosse Ausgabe

Salvato in:
Dettagli Bibliografici
Natura: Libro
Lingua:tedesco
Pubblicazione: Berlin Cornelsen 1993
Edizione:1. Aufl.
Soggetti:
Tags: Aggiungi Tag
Nessun Tag, puoi essere il primo ad aggiungerne!!

MARC

LEADER 00000nam a2200000 4500
001 c012090
005 20221214082829.8
041 0 |a ger 
044 |a DE 
245 1 0 |a Seydlitz Weltatlas  |b Grosse Ausgabe 
250 |a 1. Aufl. 
264 1 |a Berlin  |b Cornelsen  |c 1993 
300 |a 252 s. 
610 2 0 |a geografia 
610 2 0 |a svet 
610 2 0 |a zemepis 
610 2 0 |a Seydlitz 
610 2 0 |a Európa 
610 2 0 |a Ázia 
610 2 0 |a Austrália 
610 2 0 |a Afrika 
610 2 0 |a Amerika 
610 2 0 |a Nemecko